Responses for Show #3267 - Tuesday, November 17, 1998

1998 Teen Reunion Tournament preliminary game 2.
From the Wang Center for the Performing Arts in Boston, Massachusetts.

Contestants

[<< previous game]

Sascha Dublin, a Ph.D. candidate from Seattle, Washington

David Javerbaum, a Harvard graduate whose musical was produced off-Broadway originally from Maplewood, New Jersey

Amy Wilson, a college writer from Baltimore, Maryland

[next game >>]

Jeopardy! Round responses

U.S. GEOGRAPHY
ON THE COVER OF ROLLING STONE
DECADES
ENDANGERED SPECIES
NEW FOOD PRODUCTS
PEOPLE IN HISTORY
    $100 11
Mississippi

Sascha
    $100 21
John Lennon

Amy
    $100 6
1990s

Amy
    $100 24
Wolf

David
    $100 1
Diet Coke

David
    $100 16
Napoleon

David
    $200 12
Lake Michigan

David
    $200 22
Seinfeld

Amy
    $200 7
1950s

David
    $200 25
(Sascha: What is a rhinoceros?)
(Alex: Be more specific...)
(Sascha: African rhinoceros?)
(Alex: Be more specific...)
(Sascha: Central African rhinoceros?)

a black rhinoceros

DavidSascha
    $200 2
Mrs. Butterworth

David
    $200 17
Eleanor Roosevelt

David
    $300 13
Rockies

Sascha
    $300 23
Mick Jagger

Sascha
    $900 8
1970s (1972)

David
    $300 26
Whooping crane

David
    $300 3
Popsicle

Amy
    $300 18
Carrie Nation

David
    $400 14
Golden Gate

Triple Stumper
    $400 29
Red Hot Chili Peppers

David
    $400 9
1980s

David
    $400 27
Grizzly bear

Sascha
    $400 4
Hugs

David
    $400 19
William Penn

David
    $500 15
(David: What is South Padre Island?)

Padre Island

AmyDavid
    $500 30
(Alex: And that does it?! You guys are so fast--the round is over!)

Sinead O'Connor

David
    $500 10
1940s

David
    $500 28
Peregrine falcon

David
    $500 5
WOW Chips

Triple Stumper
    $500 20
(Alex: Well done! You know your history and the people in it.)

John Marshall

David

Scores at the first commercial break (after clue 15):

Amy David Sascha
$900 $2,400 $400

Scores at the end of the Jeopardy! Round:

Amy David Sascha
$1,200 $5,900 $900

Double Jeopardy! Round responses

CAMBRIDGE (THE OTHER ONE)
(Alex: Not the one here!)
BOSTON TV
WHAT'S THE CURRENCY?
WOOD WORDS
BERNSTEINS
DR. SEUSS MEETS THE BARD
(Alex: You have to identify the play written by Dr. Seuss)
    $200 16
Lord Byron

Amy
    $200 6
Cheers

Amy
    $200 26
British pound

David
    $200 1
Plank

David
    $200 11
Joe Camel

David
    $200 17
Hamlet

David
    $400 22
Alistair Cooke

David
    $400 7
[NOTE: The name of the hospital on the show was St. Elegius.]

St. Elsewhere

Amy
    $400 27
Deutsch mark

David
    $400 2
Board

Sascha
    $400 12
Blacklist

Sascha
    $400 18
Taming of the Shrew

Sascha
    $600 23
Oliver Cromwell

Sascha
    $600 8
The Practice

David
    $600 28
Japanese yen

David
    $600 3
Lumbering

Sascha
    $600 13
Friedrich Engels

Sascha
    $600 19
Romeo And Juliet

Amy
    $3,500 24
(Alex: And we have a minute to go.)

Sir Christopher Wren

Sascha
    $800 9
Two Guys, A Girl, And A Pizza Place

David
    $800 29
Russian ruble

Amy
    $800 4
cord

David
    $800 14
Tanglewood

David
    $800 20
Macbeth

David
    $1000 25
Erasmus

Sascha
    $1000 10
Spenser: For Hire

David
    $1000 30
Italian lira

Sascha
    $1000 5
Beam

David
    $1000 15
Judith

Sascha
    $1,500 21
Othello

David

Scores at the end of the Double Jeopardy! Round:

Amy David Sascha
$3,400 $15,400 $10,400

[wagering suggestions for these scores]

Final Jeopardy! Round responses

SPORTS & RECREATION
(Alex: I have a feeling David's going to be here on Friday!)
[ERRATUM: Olson's name was misspelled as "Olsen" in the clue.]
AmyWhat is snowboarding?
$3,400
SaschaWhat is Little League Hockey?
$10,000
DavidWhat is rollerblading?
$5,401
rollerblading

Final scores:

Amy David Sascha
$0 $20,801 $400
3rd place: $5,000 Winner: finalist, if one of 3 top-scoring winners; $7,500 for 4th place 2nd place: $5,000

Game dynamics:

Coryat scores:

Amy David Sascha
$3,400 $14,300 $7,700
10 R,
0 W
34 R
(including 2 DDs),
1 W
14 R
(including 1 DD),
1 W

Combined Coryat: $25,400

[game clues] [game scores] [suggest correction]

Game tape date: 1998-09-19
The J! Archive is created by fans, for fans. Scraping, republication, monetization, and malicious use prohibited; this site may use cookies and collect identifying information. See terms. The Jeopardy! game show and all elements thereof, including but not limited to copyright and trademark thereto, are the property of Jeopardy Productions, Inc. and are protected under law. This website is not affiliated with, sponsored by, or operated by Jeopardy Productions, Inc. Join the discussion at JBoard.tv.